000
00295nam a22001217a 4500
008
180521b xxu||||| |||| 00| 0 eng d
041
_a
eng
080
_a
043.3
100
_a
0
101
_a
SHKI-BTH
245
_a
Siguria e voice over IP (VoIP) në rrjetat publike
_c
Haliti,Sh
942
_2
udc
_c
BK
999
_c
46099
_d
46099